Le Grand vent. (Record no. 64177)

MARC details
000 -LEADER
fixed length control field 00528cam a22001931 4500
001 - CONTROL NUMBER
control field sa 65005192
003 - CONTROL NUMBER IDENTIFIER
control field DLC
005 - DATE AND TIME OF LATEST TRANSACTION
control field 20260227112136.0
008 - FIXED-LENGTH DATA ELEMENTS--GENERAL INFORMATION
fixed length control field 790910s1962 vm 000 0 fre
010 ## - LIBRARY OF CONGRESS CONTROL NUMBER
LC control number sa 65005192
035 ## - SYSTEM CONTROL NUMBER
System control number (OCoLC)5357828
040 ## - CATALOGING SOURCE
Original cataloging agency DLC
Transcribing agency NIC
Modifying agency NIC
-- DLC
042 ## - AUTHENTICATION CODE
Authentication code premarc
050 00 - LIBRARY OF CONGRESS CALL NUMBER
Classification number DS557.A7
Item number G7
245 03 - TITLE STATEMENT
Title Le Grand vent.
260 ## - PUBLICATION, DISTRIBUTION, ETC.
Place of publication, distribution, etc. Hanoi,
Name of publisher, distributor, etc. Éditions en langues étrangères,
Date of publication, distribution, etc. 1962.
300 ## - PHYSICAL DESCRIPTION
Extent 127 p.
Other physical details illus.
Dimensions 19 cm.
651 #0 - SUBJECT ADDED ENTRY--GEOGRAPHIC NAME
Geographic name Vietnam (Democratic Republic)
General subdivision Social conditions.

No items available.

Powered by Koha